| 000 | 00947nam a2200289 a 4500 | ||
|---|---|---|---|
| 008 | |||
| 020 | _a0314793216 (hbk.) | ||
| 049 | _aMAIN | ||
| 090 | 0 | 1 |
_aHD30.25 _bAND |
| 100 | 1 | _aAnderson, David Ray. | |
| 245 | 1 | 3 |
_aAn introduction to management science : _bquantitative approaches to decision making / _cDavid R. Anderson, Dennis J. Sweeney and Thomas A. Williams. |
| 250 | _a6th ed. | ||
| 260 |
_aSt. Paul : _bWest Publishing, _c1991. |
||
| 300 |
_axvi, 868 p. : _bill. ; _c26 cm. |
||
| 500 | _aIncludes index. | ||
| 504 | _aIncludes bibliographical references | ||
| 650 | 0 |
_aManagement _xMathematical models. |
|
| 650 | 0 | _aLinear programming. | |
| 650 | 0 | _aOperations research. | |
| 700 | 1 | _aSweeney, Dennis J. | |
| 700 | 1 | _aWilliams, Thomas Arthur | |
| 907 |
_a.b10149223 _b30-11-12 _c27-01-05 |
||
| 003 | |||
| 005 | 20230123133918.0 | ||
| 040 | _cNUST | ||
| 942 |
_cBOOKS _kHD30.25 _mAND |
||
| 999 |
_c156756 _d156756 |
||